[Event "GER-chT North U16"]
[Site "Syke"]
[Date "2004.09.18"]
[Round "6.2"]
[White "Szczap, Arthur"]
[Black "Sturm, Simon"]
[Result "1-0"]
[WhiteElo "1552"]
[BlackElo "1359"]
[PlyCount "83"]
[EventDate "2004.09.16"]
[EventType "team-swiss"]
[EventRounds "7"]
[EventCountry "GER"]
[SourceTitle "EXT 2006"]
[Source "ChessBase"]
[SourceDate "2005.11.24"]
[SourceVersion "1"]
[SourceVersionDate "2005.11.24"]
[SourceQuality "1"]

1. e4 Nf6 2. e5 Nd5 3. c4 Nb6 4. d4 d6 5. exd6 cxd6 6. Nf3 Nc6 7. Nc3 Bf5 8. a3 e6 9. Be2 Be7 10. 0-0 0-0 11. Be3 Qd7 12. b4 Rac8 13. c5 dxc5 14. dxc5 Nd5 15. Nxd5 Qxd5 16. Qxd5 exd5 17. Nd4 Bf6 18. Nxf5 Bxa1 19. b5 d4 20. bxc6 dxe3 21. Ne7+ Kh8 22. Nxc8 exf2+ 23. Kh1 bxc6 24. Rxa1 Re8 25. Rf1 Rxe2 26. g3 a5 27. Kg2 Rc2 28. Rxf2 Rxc5 29. Rxf7 g6 30. Rf4 Kg7 31. Nd6 Rd5 32. Nc4 Rc5 33. h4 h6 34. Ne3 Re5 35. Kf3 Rc5 36. a4 g5 37. hxg5 Rxg5 38. Rg4 Kf6 39. Rxg5 hxg5 40. Nc4 Ke6 41. Nxa5 Kd6 42. Nxc6 1-0

[Event "GER-chT North U16"]
[Site "Syke"]
[Date "2004.09.16"]
[Round "1.2"]
[White "Baumgardt, Laurin"]
[Black "Sturm, Simon"]
[Result "1-0"]
[WhiteElo "1765"]
[BlackElo "1359"]
[PlyCount "91"]
[EventDate "2004.09.16"]
[EventType "team-swiss"]
[EventRounds "7"]
[EventCountry "GER"]
[SourceTitle "EXT 2006"]
[Source "ChessBase"]
[SourceDate "2005.11.24"]
[SourceVersion "1"]
[SourceVersionDate "2005.11.24"]
[SourceQuality "1"]

1. e4 Nf6 2. Nc3 d5 3. e5 Nfd7 4. f4 Nb6 5. Nf3 Bf5 6. Nd4 e6 7. Nxf5 exf5 8. g3 d4 9. Ne2 Qd5 10. Rg1 Qd7 11. Bg2 c5 12. d3 Nc6 13. Bd2 Be7 14. Kf2 h5 15. h4 0-0-0 16. a4 Na8 17. Re1 f6 18. Ng1 fxe5 19. fxe5 Rde8 20. Nh3 Nc7 21. Nf4 Bd8 22. Ng6 Rh7 23. Qf3 Qf7 24. Bh3 Kb8 25. Bxf5 Ne6 26. a5 a6 27. Kg2 Bc7 28. Qe4 Nf8 29. Nxf8 Rxf8 30. Rf1 Rhh8 31. e6 Qe7 32. Bg5 Qd6 33. Bf4 Qe7 34. Bxc7+ Qxc7 35. Bg6 Ka8 36. Rf7 Rxf7 37. exf7 Ne5 38. Rf1 Rf8 39. Bxh5 Nxf7 40. Qf3 Qe7 41. Bxf7 Qc7 42. Qe4 Rxf7 43. Qe8+ Ka7 44. Rxf7 Qxa5 45. Qc6 Qb4 46. Rxg7 1-0

[Event "JBLN West 0102 "]
[Site "Germany"]
[Date "2002.02.09"]
[Round "?"]
[White "Niewerth, Stephan"]
[Black "Sturm, Simon"]
[Result "1-0"]
[WhiteElo "1674"]
[BlackElo "1094"]
[PlyCount "69"]
[EventDate "2002.10.??"]
[EventType "team"]
[EventRounds "9"]
[EventCountry "GER"]
[SourceTitle "EXT 2005"]
[Source "ChessBase"]
[SourceDate "2004.11.15"]
[SourceVersion "1"]
[SourceVersionDate "2004.11.15"]
[SourceQuality "1"]

1. d4 d5 2. c4 dxc4 3. g3 Nf6 4. Bg2 Bd7 5. Bxb7 Bc6 6. Bxa8 Bxh1 7. Bxh1 e6 8. Qa4+ Nfd7 9. Nf3 Be7 10. Bf4 c6 11. Qxa7 0-0 12. Qa4 Qb6 13. Qc2 Rd8 14. Nbd2 Bb4 15. Kf1 Bxd2 16. Qxd2 c5 17. Be3 Nf6 18. dxc5 Qc7 19. Qc3 Qb7 20. Kg1 Ne4 21. Qc2 Nf6 22. Ne5 Qc7 23. Nxc4 Na6 24. Nb6 Rb8 25. Qc3 Ng4 26. Rc1 Nxe3 27. Qxe3 h6 28. a3 Rd8 29. Bf3 Kf8 30. b4 Nb8 31. b5 Nd7 32. Nxd7+ Rxd7 33. b6 Qb8 34. c6 Re7 35. c7 1-0